| 000 | | | 06389cbm0a2200445 x 450 |
| 001 | | | 7bce9b09-90e1-42db-8956-5c426d41e355 |
| 005 | | | 20150615165911.0 |
| 035 | ## | $a | 7bce9b09-90e1-42db-8956-5c426d41e355 |
| 100 | ## | $a | 20131010l19061906ky0rusy010189 |
| 101 | 0# | $a | rus |
| 102 | ## | $a | RU |
| 120 | ## | $a | by#x######### |
| 121 | ## | $a | #a#aаa#xa |
| 123 | 1# | $a | a |
| 124 | ## | $a | a |
| | $b | d |
| 200 | 1# | $a | Иркутская губерния. План перехода р. Ангары железным мостом для экипажной езды в гор. Иркутске |
| | $b | Дело |
| | $e | 1906 г. |
| 210 | ## | $d | 1906 |
| 215 | ## | $a | 2 листа |
| 225 | 1# | $a | Фонд Техническо-строительный комитет МВД |
| | $h | Опись № 168. Иркутская губерния |
| 300 | ## | $a | Рукописный текст. Бумага. Чернила, тушь, акварель |
| 300 | ## | $a | Оригинальный заголовок дела: План устройства железнодорожного моста через Ангару, для проезда экипажей в г. Иркутск : 1906 |
| 324 | ## | $a | Графика |
| 327 | ## | $a | В деле содержится документ: План перехода р. Ангары железным мостом для экипажной езды. Масштаб: в одном английском дюйме 20 саженей |
| 464 | #0 | $1 | 2001 |
| | $a | План перехода р. Ангары железным мостом для экипажной езды. Масштаб: в одном английском дюйме 20 саженей |
| 509 | 00 | $a | Иркутск |
| | $h | город |
| | $c | части |
| | $l | План |
| 517 | 1# | $a | План устройства железнодорожного моста через Ангару, для проезда экипажей в г. Иркутск |
| | $e | 1906 |
| 605 | ## | $2 | acquisition_Prlib |
| | $3 | DITM\AF\0000004675 |
| | $a | Территория |
| | $l | коллекция |
| 605 | ## | $2 | acquisition_Prlib |
| | $3 | LIBNET\UAF\0000036489 |
| | $a | Иркутская область: страницы истории |
| | $l | коллекция |
| 605 | ## | $2 | acquisition_Prlib |
| | $3 | LIBNET\UAF\0000059358 |
| | $a | Территория России: Иркутская область |
| | $l | коллекция |
| 607 | ## | $2 | nlr_sh |
| | $3 | RU\NLR\AUTH\66497713 |
| | $a | Иркутск, город |
| | $x | Планировка и строительство |
| | $j | Документы и материалы |
| 607 | ## | $2 | nlr_sh |
| | $3 | RU\NLR\AUTH\661514092 |
| | $a | Иркутский мост (Иркутск, город) |
| | $j | Документы и материалы |
| 608 | ## | $2 | prlib_sh |
| | $3 | LIBNET\UAF\0000058904 |
| | $a | Планы городов |
| | $y | Россия |
| | $z | 20 в. |
| 617 | ## | $c | Иркутская губерния |
| | $2 | prlib_sh |
| 617 | ## | $c | Иркутская область |
| | $2 | prlib_sh |
| 686 | ## | $a | 63.3(28-8Ирк)533ю11 |
| | $v | LBC/M |
| | $2 | rubbk |
| 710 | 01 | $3 | RU\NLR\AUTH\889942100 |
| | $a | Россия |
| | $b | Министерство внутренних дел |
| | $b | Техническо-строительный комитет |
| 801 | #0 | $a | RU |
| | $b | РГИА |
| | $c | 20131010 |
| | $g | RCR |
| 801 | #1 | $a | RU |
| | $b | ГлавНИВЦ |
| | $c | 20131010 |
| | $2 | rusmarc |
| 801 | #2 | $a | RU |
| | $b | ПБ им. Б.Н. Ельцина |
| | $c | 20150615 |
| | $g | RCR |
| | $2 | rusmarc |
| 850 | ## | $a | Федеральное казенное учреждение "Российский государственный исторический архив" |
| 852 | ## | $a | РГИА. |
| | $b | Ф. 1293. |
| | $g | Оп. 168. Иркутская губ. |
| | $j | Д. 10. |
| 937 | ## | $d | 39328786 |
| | $h | РГИА |
| 856 | 4# | $u | http://www.prlib.ru/Lib/pages/item.aspx?itemid=125211 |